Global architecture (Record no. 20798)

MARC details
000 -CABECERA
campo de control de longitud fija 00789nam a2200253 4500
003 - IDENTIFICADOR DEL NÚMERO DE CONTROL
campo de control MX-MxINE
005 - FECHA Y HORA DE LA ÚLTIMA TRANSACCIÓN
campo de control 20260601171018.0
008 - DATOS DE LONGITUD FIJA--INFORMACIÓN GENERAL
campo de control de longitud fija 260509b1972\\\\ja\a||||\||||\00|\0\eng\d
040 ## - FUENTE DE LA CATALOGACIÓN
Centro catalogador/agencia de origen MX-MxINE
Lengua de catalogación spa
Centro/agencia transcriptor MX-MxINE
Normas de descripción rda
041 ## - CÓDIGO DE LENGUA
Código de lengua del texto/banda sonora o título independiente eng
Código de lengua del material acompañante/anejo si no son libretos jpn
050 ## - SIGNATURA TOPOGRÁFICA DE LA BIBLIOTECA DEL CONGRESO
Número de clasificación NA200
Número de documento/Ítem J64 1972
100 #1 - ENTRADA PRINCIPAL--NOMBRE DE PERSONA
Nombre de persona Johnson, Philip,
Término indicativo de función/relación autor
9 (RLIN) 34367
245 ## - MENCIÓN DE TÍTULO
Título Global architecture
Mención de responsabilidad, etc. Philip Johnson
264 ## - PRODUCCIÓN, PUBLICACIÓN, DISTRIBUCIÓN, FABRICACIÓN Y COPYRIGHT
Producción, publicación, distribución, fabricación y copyright Tokio:
Nombre del de productor, editor, distribuidor, fabricante A.D.A Edita Tokyo,
Fecha de producción, publicación, distribución, fabricación o copyright 1972
300 ## - DESCRIPCIÓN FÍSICA
Extensión 40 páginas:
Otras características físicas ilustraciones
336 ## - TIPO DE CONTENIDO
Fuente rdacontent
Término de tipo de contenido texto
337 ## - TIPO DE MEDIO
Fuente rdamedia
Nombre/término del tipo de medio sin medio
338 ## - TIPO DE SOPORTE
Fuente rdacarrier
Nombre/término del tipo de soporte volumen
650 ## - PUNTO DE ACCESO ADICIONAL DE MATERIA--TÉRMINO DE MATERIA
Término de materia o nombre geográfico como elemento de entrada Architecture, modern
Subdivisión cronológica 20th century.
9 (RLIN) 34368
650 ## - PUNTO DE ACCESO ADICIONAL DE MATERIA--TÉRMINO DE MATERIA
Término de materia o nombre geográfico como elemento de entrada Architectural design
9 (RLIN) 34369
700 ## - PUNTO DE ACCESO ADICIONAL--NOMBRE DE PERSONA
Nombre de persona Futagawa, Yukio,
Término indicativo de función/relación Fotografía
9 (RLIN) 34370
700 ## - PUNTO DE ACCESO ADICIONAL--NOMBRE DE PERSONA
Nombre de persona Robertson, Bryan,
Término indicativo de función/relación Texto
9 (RLIN) 34371
942 ## - ELEMENTOS DE PUNTO DE ACCESO ADICIONAL (KOHA)
Fuente del sistema de clasificación o colocación Library of Congress Classification
Suprimir en OPAC 1
Tipo de ítem Koha Libros

No items available.